| 000 | 00896nas a2200301 4500 | ||
|---|---|---|---|
| 001 | BR0003672 | ||
| 003 | BR-BrBNA | ||
| 005 | 20231205101948.0 | ||
| 007 | ta | ||
| 008 | 230509b bl.|||p| |||| 00| 00por d | ||
| 040 |
_aBR-BrBNA _bpor _cBiblioteca Nacional de Agricultura |
||
| 041 | _a(En) | ||
| 072 | _aL73 | ||
| 100 | 1 | _aMadruga, C.R. | |
| 100 | 1 | _aMarques, A.P.C. | |
| 100 | 1 | _aLeal, C.R.B. | |
| 100 | 1 | _aCarvalho, C.M.E. | |
| 100 | 1 | _aAraujo, F.R. | |
| 100 | 1 | _aKessler, R.H. | |
| 245 | 1 | _aEvaluation of an enzyme-linked immunosorbent assay to detect antibodies against Anaplasma marginale | |
| 650 | _aBovino | ||
| 650 | _aAnticorpo | ||
| 650 | _aAnaplasmose | ||
| 650 | _aELISA | ||
| 773 | 0 |
_tPesquisa Veterinaria Brasileira (Brazil) _xISSN 0100-736X _g(Jul-Sep 2000), v. 20(3) p. 109-112 _wBR0003672 |
|
| 909 |
_a202311 _bLúcia _c55 _dLúcia Elande |
||
| 942 |
_2AGRIS _n0 _cANA |
||
| 999 |
_c164958 _d164958 |
||